Les maires de Lyon de la Ve République - Statistiques

Statistiques générales
  • Ce quiz a été pris 38 fois
  • Le résultat moyen est 6 sur 8
Statistiques - réponses
Mandat Parti Maire % Correct
2001-2017 PS Gérard Collomb
90%
2018-2020 LREM Gérard Collomb
90%
1976-1989 DVD Francisque Collomb
84%
2020- EELV Grégory Doucet
74%
1995-2001 UDF Raymond Barre
71%
1989-1995 RPR Michel Noir
61%
2017-2018 LREM Georges Képénékian
45%
1958-1976 DVD Louis Pradel
35%
Aucun quiz correspondant
Distribution des résultats
% des personnes avec chaque résultat
Percentile par nombre de réponses
Votre historique - résultats
Vous n’avez pas pris ce quiz